000 00691nam a2200229 i 4500
003 DO-SdBNP
005 20230619141936.0
006 a||||gr|||| 00| 0
007 ta
008 230615e2023 dr ac||| |||| 00| 0 spa d
020 _a9789945181388
040 _aDO-SdBNP
_bspa
_cBNPHU
_erda
082 4 _222
_bC736a
245 0 0 _aCESPM:
_bagenda planificadora 2023
264 _a[San Pedro de Macorís] República Dominicana :
_b[sin edición],
_c2023
300 _a[78] páginas :
_bIlustraciones, retratos ;
_c28 cm
336 _2rdaconten
_atexto
_btxt
337 _2rdamedia
_asin medición
_bn
338 _2rdacarrier
_avolumen
_bnc
590 _aInventariado 2023 / MF
942 _2ddc
_cLBS1
999 _c53839
_d53839